CONCEPTS OF MODERN PHYSICS (Record no. 9328)
[ view plain ]
| 000 -LEADER | |
|---|---|
| fixed length control field | 00767nam a22001697a 4500 |
| 003 - CONTROL NUMBER IDENTIFIER | |
| control field | SGT |
| 020 ## - INTERNATIONAL STANDARD BOOK NUMBER | |
| International Standard Book Number | 9780070151550 |
| 082 ## - DEWEY DECIMAL CLASSIFICATION NUMBER | |
| Classification number | 530,BEI |
| 100 ## - MAIN ENTRY--PERSONAL NAME | |
| Personal name | BEISER,ARTHUR |
| 245 ## - TITLE STATEMENT | |
| Title | CONCEPTS OF MODERN PHYSICS |
| 250 ## - EDITION STATEMENT | |
| Edition statement | 6TH |
| 260 ## - PUBLICATION, DISTRIBUTION, ETC. (IMPRINT) | |
| Place of publication, distribution, etc | NEW DELHI |
| Name of publisher, distributor, etc | TMH |
| Year of Publication | 2014 |
| 300 ## - PAGE DESCRIPTION | |
| No. of Pages | 623 |
| 650 ## - SUBJECT ADDED ENTRY--TOPICAL TERM | |
| Topical term or geographic name as entry element | PHYSICS |
| 653 ## - KEYWORDS--INDEX TERM | |
| Keyword term | 1.RELATIVITY 2. PARTICLE PROPERTIES OF WAVES 3. WAVE PROPERTIES OF PARTICLES 4. ATOMIC STRUCTURE 5. QUANTUM MECHANICS 6. QUANTUM THEORY OF THE HYDROGEN ATOM 7. MANY-ELECTRON ATOMS 8. MOLECULES 9. STATISTICAL MECHANICS 10. THE SOLID STATE 11. NUCLEAR STRUCTURE 12. NUCLEAR TRANSFORMATIONS 13. ELEMENTARY PARTICLES 14. COSMOLOGY 15. NUCLEAR REACTIONS AND ARTIFICIAL RADIOACTIVITY |
| 942 ## - ADDED ENTRY ELEMENTS (KOHA) | |
| Source of classification or shelving scheme | Dewey Decimal Classification |
| Koha item type | FPS Books |
| 942 ## - ADDED ENTRY ELEMENTS (KOHA) | |
| -- | 1 |
| Withdrawn status | Lost status | Source of classification or shelving scheme | Damaged status | Not for loan | Collection code | Home library | Current library | Shelving location | Date acquired | Vendor Name | Cost, normal purchase price | SGTU | Bill Number | Total Checkouts | Full call number | Accession No. (Barcode) | Date last seen | Date last borrowed | Bill Date | Koha item type |
|---|---|---|---|---|---|---|---|---|---|---|---|---|---|---|---|---|---|---|---|---|
| Dewey Decimal Classification | SCIENCE | SGT Science & Social Sciences Library | SGT Science & Social Sciences Library | Text Book | 29/06/2016 | SPARASH BOOK | 599.00 | SGTU | 1294 | 8 | 530,BEI | PS570 | 25/09/2025 | 11/09/2025 | 26/11/2014 | FPS Books | ||||
| Dewey Decimal Classification | SCIENCE | SGT Science & Social Sciences Library | SGT Science & Social Sciences Library | Text Book | 29/06/2016 | SPARASH BOOK | 599.00 | SGTU | 1294 | 3 | 530,BEI | PS571 | 14/08/2025 | 25/11/2024 | 26/11/2014 | FPS Books |